Представление документа в формате RUSMARC

ПолеНазваниеЗначение
  Тип записи a
  Библиографический уровень m
001 Контрольный номер dc67d26498da44668b61ff185a0d2514
005 Дата корректировки 20150812154749.7
010 Индекс ISBN __
a ISBN 978-5-406-04329-5
101 Язык документа 0_
a Язык текста rus
102 Страна публикации __
a Страна публикации RU
200 Заглавие и сведения об ответственности 1_
a Заглавие Средства и методы управления качеством
b Общее обозначение материала Текст
e Сведения, относящиеся к заглавию учебное пособие
f Первые сведения об ответственности В.В. Ефимов
205 Сведения об издании __
a Основные сведения об издании 3-е изд., стер.
210 Выходные данные 1_
a Место издания Москва
c Издательство КНОРУС
d Дата издания 2015
215 Физическое описание __
a Объем 226 с.
610 Ключевые слова 0_
a Ключевые слова качество
a Ключевые слова контроль качества
a Ключевые слова приемка
a Ключевые слова менеджмент качества
a Ключевые слова коммуникации
a Ключевые слова организация
a Ключевые слова учебное пособие
686 Индексы других классификаций __
a Классификационный индекс 30.609я73
686 Индексы других классификаций __
a Классификационный индекс 65.050.9(2)2я73
700 Автор _1
a Фамилия Ефимов
b Имя В.В.
801 Источник записи _0
a Страна RU
b Организация РУК
g Правила каталогизации PSBO
801 Источник записи _1
a Страна RU
b Организация РУК
g Правила каталогизации PSBO
852 Данные о местонахождении __
i Авторский знак Е 91
j Шифр хранения ББК 30.609
901 Тип документа __
t Тип документа m
937 Технологическая информация __
a Создатель записи (имя) Майорова
938 Служебная информация __
a Название организации Головной вуз